000 00376nam a2200157Ia 4500
005 20250624024536.0
008 240331s9999 xx 000 0 und d
020 _a9552014662
082 _bDAY
_a330
100 _aDayaratne,B.P
245 0 _aPawulaka ayaweya
260 _aColombo
_bS. Godage & Brothers
_c1995
300 _a160 p .,
650 _aHome economics
942 _cL
999 _c5065
_d5065